00522nam a2200169Ia 4500003000900000008004100009040001600050080001300066100001600079245009700095260003800192300001500230490005700245650001900302650001100321650002000332IN-BaIIA211028s9999 xx 000 0 eng d cIIA Library a535bFRA aFrancon, M. 0aModern applications of physical opticsctranslated from the French by Scripta Technica, inc. aNew YorkbJohn Wiley & Sonsc1963 aviii,106p. aInterscience tracts on physics and astronomy; no. 13 aNASA thesaurus aOptics aPhysical optics